| 000 | 00467cam a2200181ua 4500 | ||
|---|---|---|---|
| 001 | 2700 | ||
| 008 | 110909n ii |||gr||||Z||||||asm | ||
| 040 | _cMAIN | ||
| 082 | _a891.4512 | ||
| 100 |
_aHazarika, Atul Chandra, _eAuthor. |
||
| 245 | 1 | 1 |
_aChatrapati Sivajee _cby Atul Chandra Hazarika |
| 250 | _a5th. | ||
| 260 |
_aGolaghat: _bSaraswati prakashan, _c2001. |
||
| 300 |
_a119p: _c23cm. |
||
| 653 | _aAssamese drama | ||
| 653 | _aChatrapati sivajee | ||
| 942 | _cBK | ||
| 999 |
_c2551 _d2551 |
||